000 00560nam a2200229Ia 4500
003 OSt
005 20220924135418.0
006 a|||||r|||| 00| 0
007 ta
008 220923b |||||||| |||| 00| 0 ben d
024 _a291112
037 _cTextual
040 _aARTS
_cARTS
_bben
041 _2ben
_aben
082 _aO15,2FMI,1, 157L9
100 _aMishra
245 0 _aPrabodhchandrodayan
260 _c1979
650 _aSANSKRIT LITERATURE
942 _hO15,2FMI,1, 157L9
_cTEXL
_2CC
999 _c440642
_d440642